LEADER 01221nam--2200397---450 001 990003094180203316 005 20210525104233.0 010 $a978-88-6073-222-4 035 $a000309418 035 $aUSA01000309418 035 $a(ALEPH)000309418USA01 035 $a000309418 100 $a20080411h2008----km-y0itay0103----ba 101 1 $aita$cfre 102 $aIT 105 $a||||||||001yy 200 1 $aNascita dell'ideologia fascista$fZeev Sternhell, Mario Sznajder, Maia Asheri$gprefazione di Marco Revelli$gtraduzione di Gianluca Mori 210 $aMilano$cBaldini Castoldi Dalai$d2008 215 $aXXI, 420 p.$d19 cm 225 2 $a<> tascabili$v45 410 $12001$a<> tascabili 454 $12001$aNaissance de l'idéologie fasciste$926416 606 $aFascismo 676 $a320.533 700 1$aSTERNHELL,$bZeev$0134287 701 1$aSZNAJDER,$bMario$0134289 701 1$aASHERI,$bMaia$0134288 702 1$aREVELLI,$bMarco 702 1$aMORI,$bGianluca 801 0$aIT$bsalbc$gISBD 912 $a990003094180203316 951 $aX.3.B. 1912$b206799 L.M.$cX.3.$d00200246 959 $aBK 969 $aUMA 996 $aNaissance de l'idéologie fasciste$926416 997 $aUNISA LEADER 01536nas 2200421 n 450 001 990008991350403321 005 20240229084535.0 011 $a0161-5505 035 $a000899135 035 $aFED01000899135 035 $a(Aleph)000899135FED01 035 $a000899135 091 $2CNR$aP 00230088 100 $a20161109a19789999km-y0itaa50------ba 101 0 $aeng 102 $aUS 110 $aauu-------- 200 1 $a<>Journal of nuclear medicine$e(1978) 207 1$a1978- 210 $a[New York]$cSociety of Nuclear Medicine. 326 $aMensile 430 0$1001000898471$12001$aJNM (New York, N.Y.) 452 0$12001$aThe Journal of nuclear medicine (1978) 517 0 $aJNM 530 0 $a<>Journal of nuclear medicine 531 $aJ. NUCL. MED.$b1978 676 $a616.07/57/05 712 02$aSociety of Nuclear Medicine (1953- ) 801 0$aIT$bACNP$c20090723 859 4 $uhttp://acnp.cib.unibo.it/cgi-ser/start/it/cnr/dc-p1.tcl?catno=1095713&person=false&language=ITALIANO&libr=&libr_th=unina1$zBiblioteche che possiedono il periodico 901 $aSE 912 $a990008991350403321 958 $aBiblioteca del Dipartimento di Medicina Clinica e Sperimentale$b1978-1981;$c1976;$fDMECM 959 $aDMECM 996 $aJournal of nuclear medicine$9794542 997 $aUNINA AP1 8 $6866-01$aNA172 Biblioteca del Dipartimento di Medicina Clinica e Sperimentale$eVia Sergio Pansini, 5, 80131 Napoli (NA)$m(081) 7462015$m081 7462015$nit AP2 4 $uhttp://jnm.snmjournals.org/